[Event "Madrid San Viator op-B 30th"]
[Site "Madrid"]
[Date "2018.06.03"]
[Round "8"]
[White "Sanchez Castro, Daniel"]
[Black "Gallego Romero, Manuel"]
[Result "1-0"]
[WhiteElo "1271"]
[BlackElo "1425"]
[PlyCount "91"]
[EventDate "2018.04.08"]
[EventType "swiss"]
[EventRounds "9"]
[EventCountry "ESP"]
[SourceTitle "EXT 2019"]
[Source "ChessBase"]
[SourceDate "2018.10.10"]
[SourceVersion "1"]
[SourceVersionDate "2018.10.10"]
[SourceQuality "1"]

1. d4 d5 2. Bf4 Bf5 3. e3 c6 4. Nf3 e6 5. Be2 Bb4+ 6. c3 Ba5 7. 0-0 h6 8. Ne5 Nf6 9. Nd2 Nbd7 10. Ndf3 Qe7 11. h3 0-0-0 12. Qa4 Nxe5 13. dxe5 Bb6 14. exf6 Qxf6 15. Nd4 Bxd4 16. cxd4 Kd7 17. Qxa7 Qg6 18. Qxb7+ Ke8 19. Qxc6+ Rd7 20. Bb5 e5 21. Qxg6 fxg6 22. Bxd7+ Kxd7 23. Bxe5 Rg8 24. Rfc1 Be4 25. Rc7+ Ke6 26. Rac1 Rf8 27. R1c6+ Kf5 28. g4+ Kg5 29. Rxg7 Kh4 30. Bf6+ Kxh3 31. Rh7 Kxg4 32. Rxh6 Rf7 33. Rh4+ Kf3 34. Rf4+ Ke2 35. Be5 Rh7 36. Rxe4 dxe4 37. Rxg6 Rf7 38. Bf4 Rf8 39. d5 Rc8 40. Rc6 Rg8+ 41. Bg3 Rf8 42. b4 Ra8 43. d6 Rxa2 44. d7 Ra1+ 45. Kg2 Rd1 46. Rd6 1-0